Religión, ideología y política / (Record no. 44600)

MARC details
000 -LEADER
campo de control de longitud fija 00622nam a2200205 i 4500
001 - NÚMERO DE CONTROL
campo de control 44600
003 - IDENTIFICADOR DE NÚMERO DE CONTROL
campo de control ES-MaACL
005 - FECHA Y HORA DE LA ÚLTIMA TRANSACCIÓN
campo de control 20230906161048.0
007 - CAMPO FIJO DE DESCRIPCIÓN FÍSICA--INFORMACIÓN GENERAL
campo de control de longitud fija t|
008 - DATOS DE LONGITUD FIJA--INFORMACIÓN GENERAL
campo de control de longitud fija 030321s1971 sp ||||1| spa d
100 1# - ENTRADA PRINCIPAL--NOMBRE DE PERSONA
Nombre de persona Clerq, Bertrand J. de.
9 (RLIN) 39235
245 10 - MENCIÓN DEL TÍTULO
Título Religión, ideología y política /
Mención de responsabilidad, etc. Bertrand J. de Clerq ; [tradujo: César Hiniesto].
260 ## - PUBLICACIÓN, DISTRIBUCIÓN, ETC.
Lugar de publicación, distribución, etc. Salamanca :
Nombre del editor, distribuidor, etc. Sígueme,
Fecha de publicación, distribución, etc. 1971.
300 ## - DESCRIPCIÓN FÍSICA
Extensión 142 p. ;
Dimensiones 20 cm.
490 1# - MENCIÓN DE SERIE
Mención de serie Séptimo sello ;
Designación de volumen o secuencia 6
700 1# - ENTRADA AGREGADA--NOMBRE PERSONAL
Nombre de persona Hiniesto, César.
9 (RLIN) 63760
830 0# - PUNTO DE ACCESO ADICIONAL DE SERIE-TÍTULO UNIFORME
Título uniforme Séptimo sello ;
Designación de volumen o secuencia 6
9 (RLIN) 181767
852 ## - LOCALIZACIÓN
Ubicación ES-MaACL
Número de control de estantería C-39779
Sublocalización o colección R.76460
Holdings
Estatus retirado Estado de pérdida Estado de daño No para préstamo Biblioteca de origen Biblioteca actual Ubicación en estantería Fecha de adquisición Fuente de adquisición Total de préstamos Signatura topográfica completa Código de barras Visto por última vez Precio de reemplazo Tipo de ítem Koha
        Biblioteca del Ateneo de Madrid Biblioteca del Ateneo de Madrid Depósito 2 17/01/2008     C-39779 1046942 23/02/2023 23/02/2023 Libro impreso